000 00855nam a2200241Ia 4500
003 OSt
005 20220923220857.0
006 a|||||r|||| 00| 0
007 ta
008 220922b |||||||| |||| 00| 0 hin d
024 _a191,787
037 _cTextual
040 _aARTS
_cARTS
_bhin
041 _2hin
_ahin
082 _aV2.C, 152M1
100 _aझा, दिªव्जेन्द्र, संपा.
_9164748
245 0 _aप्राचीन भारत का इतिहास
246 _aPrāchīn bhārat kā itihāsa
260 _aदिल्ली
_b हिन्दी माध्यम कार्यान्वय निदेशालय
_c1981
300 _a427पृ.
_ccm.
942 _hV2.C, 152M1
_cTEXL
_2CC
999 _c344443
_d344443